| 000 | 00697cam a2200193 a 4500 | ||
|---|---|---|---|
| 001 | 000002588 | ||
| 005 | 20200929150223.0 | ||
| 008 | 931209s1979 pn 000 p spa d | ||
| 040 |
_aDO-SdBNP _cKU _dDLC |
||
| 082 |
_aPa861.4408 _bA542l |
||
| 245 | 0 | 0 |
_aAncón liberado : _bversos de lucha y protesta : antología poética / _ceditor, Moisés Torrijos Herrera. |
| 260 |
_aPanamá : _b[s.n.], _c1979 _fTalleres Gráficos del Centro de Impresión Educativa |
||
| 300 |
_a240 p. ; _c19 cm. |
||
| 650 | 4 |
_aPoesía panameña _94260 |
|
| 650 | 4 |
_aLiteratura panameña _94261 |
|
| 700 | 1 |
_aTorrijos Herrera, Moisés _eed. _98153 |
|
| 910 | _aCatalogación por copia / LC | ||
| 910 | _aJornada de catalogación | ||
| 999 |
_c2424 _d2424 |
||